000 00547nam a22001815i 4500
001 54390
003 ES-MaACL
005 20230906162939.0
007 t|
008 960719s1879 it ||||1| lat d
040 _aCAM
_bspa
_cCAM
100 1 _aDe Foresta, Adolfo.
_951730
245 1 3 _aLa Spagna
_b: da Irun a Malaga /
_cdi Adofo di Foresta.
260 _aBologna :
_bNicola Zanichelli,
_c1879 (
_eModena)
300 _a[4], VII, [1] en bl., 502 p. ;
_c19 cm.
651 4 _aEspaƱa-
_xDescripción-
_yS.XIX.
_98185
852 _aES-MaACL
_jF-13403
999 _c54390
_d54390